Advanced water distribution modeling and management

Αποθηκεύτηκε σε:
Λεπτομέρειες βιβλιογραφικής εγγραφής
Συγγραφή απο Οργανισμό/Αρχή: Haestad Methods (Συγγραφέας)
Μορφή: Βιβλίο
Γλώσσα:Αγγλικά
Έκδοση: Waterbury Haestad 2003
Έκδοση:1a. ed
Θέματα:
Ετικέτες: Προσθήκη ετικέτας
Δεν υπάρχουν, Καταχωρήστε ετικέτα πρώτοι!

MARC

LEADER 00000nam a2200000 a 4500
001 UCK1751
003 CL-VaPUC
008 041126e20030000US |||||||||||||||||eng|d
020 |a 0971414122 
082 0 4 |a 628.212  |b HAE  |2 21 
110 2 |a Haestad Methods  |e author  |9 489606 
245 1 0 |a Advanced water distribution modeling and management 
250 |a 1a. ed 
300 |a 751 p 
942 |c BK 
945 |d 20041126 00:00:00  |a cmena 
260 |a Waterbury  |b Haestad  |c 2003 
500 |a Incluye 2 Cd-Rom 
650 0 |a Alcantarillado   |9 260369 
650 0 |a Dinámica de fluidos  |9 260582 
650 0 |a Ingeniería hidráulica  |9 260281 
650 7 |a DISEÑO DE TUBERIAS  |2 CL-VaPUC  |9 483775 
650 7 |a DISTRIBUCION DEL AGUA POTABLE  |2 CL-VaPUC  |9 455507 
583 |a last modification  |c 20041126 00:00:00  |k Rodrigo Vera 
999 |c 311564  |d 311562 
952 |0 0  |1 0  |4 0  |6 628_212000000000000_HAE_2003  |7 0  |8 A  |9 381025  |a BIBING  |b BIBING  |d 2019-11-21  |i 4081056  |o 628.212 HAE 2003  |p 4081056  |r 2025-01-20  |w 2019-11-21  |y BK  |k ING 
952 |0 0  |1 0  |4 0  |6 628_212000000000000_HAE_2003  |7 0  |8 A  |9 381026  |a BIBING  |b BIBING  |d 2019-11-21  |i 4081064  |o 628.212 HAE 2003  |p 4081064  |r 2025-01-20  |w 2019-11-21  |y BK  |k ING